| 000 | 00775nam a22002057a 4500 | ||
|---|---|---|---|
| 999 |
_c13729 _d13729 |
||
| 003 | AR-CdUCM | ||
| 008 | 190416b ||||| |||| 00| 0 spa d | ||
| 040 |
_aMUNICIPALIDAD PROVINCIAL DEL CUSCO _cBIBLIOTECA MUNICIPAL DEL CUSCO |
||
| 082 |
_a345.2 / _bJ61 / 1945 _23ed. |
||
| 100 |
_aJiménez de Asúa, Luis _99133 |
||
| 245 | _aCrónica del crimen / | ||
| 260 |
_aBuenos Aires : _bInter-Americana _c1945. |
||
| 300 |
_a275 páginas ; _c20 cm. |
||
| 505 | _aContenido: El crimen del expreso de Andalucía -- El error judicial en el caso Grimaldos -- El delito de las contradicciones (la muerte de Nacional II) ... | ||
| 650 |
_aJuicio _915781 |
||
| 650 |
_aDerecho procesal penal _98708 |
||
| 650 |
_aDelincuentes _932245 |
||
| 942 |
_2ddc _cLIBROS |
||
| 945 |
_acmm _d2019-04-16 |
||